Statistics for World Leaders: 1950s

Click here to take the quiz!

General Stats

  • This quiz has been taken 39 times
  • The average score is 10 of 15

Answer Stats

Answer% Correct
Winston Churchill
100%
Mao Zedong
97%
Dwight D. Eisenhower
92%
Harry S. Truman
92%
Nikita Khrushchev
89%
Ho Chi Minh
83%
Josip Tito
78%
Kim Il-sung
78%
Gamal Abdel Nasser
75%
Jawaharlal Nehru
72%
Anthony Eden
50%
Harold Macmillan
44%
Konrad Adenauer
42%
Mohammad Mosaddegh
6%
René Coty
3%

Score Distribution

Percentile by Number Answered

Percent of People with Each Score

Your Score History

You have not taken this quiz